Click the Country That... - Statistics

General Stats
  • This quiz has been taken 37 times
  • The average score is 8 of 20
Answers on the Map
Answers color-coded by a green-red scale on the quiz's map according to % correct below.
 
Answer Stats
Answer % Correct
Lowest population density
80%
Most JetPunkers
80%
Has an AK-47 on flag
73%
Furthest from an ocean
63%
Most pyramids
63%
Produces the most coffee
63%
Most time zones
60%
Most lions
53%
Lowest average elevation
50%
Most peaceful
37%
Highest FIFA ranking
33%
Most bombed per capita
33%
Most coconuts
27%
Most forested country
27%
With most bird species
23%
Shortest coastline
20%
National language has the most letters in there alphabet
17%
Produces most oil per capita
13%
Most mud volcanos
10%
Highest suicide rate
0%
No matching quizzes found
Score Distribution
Percent of People with Each Score
Percentile by Number Answered
Your Score History
You have not taken this quiz